Datum a čas kvízu
11
Celkem bodů
Celkový počet nahraných bodů na tomto kvízu bez doplňovacích otázek.
9.
Pořadí na kvízu
Konečné umístění týmu na tomto kvízu.
Zaznamenané odpovědi
| # | Otázka | Odpověď | Body | Výsledky |
|---|---|---|---|---|
| 1. | Centrum pro výzkum veřejného m... | 1A 2B 3C 4D | 1 | |
| 2. | Papež František proslul tím, ž... | papež si nenechal políbit prsten a vždy ucuknul | 1 | |
| 3. | Videoklip jedné hudební kapely... | Rammstein | 1 | |
| 4. | Po Zootu se v problémech ocitá... | Kulina.cz | 0 | |
| 5. | Fotbalistům Colchesteru United... | hamburger | 0 | |
| 6. | Vaším úkolem bude uhodnout kře... | Jaroslav / Tomáš Satoranský | 0 | |
| 7. | Nejstarší muž z naší trojice b... | Otokar / Karel / Michal Březina | 0 | |
| 8. | Úspěšný kanadský režisér se na... | James / David Cameron | 1 | |
| 9. | Tento anglický herec, držitel... | Clive / Michael Owen | 0 | |
| 10. | Generál (1885–1945) a hudebník... | George, Mike Patton | 0 |